| 000 | 00539nam a2200181Ia 4500 | ||
|---|---|---|---|
| 003 | GCL | ||
| 008 | 140319s9999 xx 000 0 ara d | ||
| 040 |
_aGCL / _cGCL |
||
| 082 | 0 | 4 |
_a956.04 _bك ج |
| 100 | 1 | _aكريم مروة | |
| 245 | 1 | 0 |
_aجدل الصراع مع اسرائيل وجدل السلام معها / _cكريم مروة |
| 300 | _a208 | ||
| 490 |
_aكتاب _v0 |
||
| 650 | 0 | 4 | _aالقضية الفلسطينية |
| 650 | 0 | 4 | _aالسلام |
| 650 | 0 | 4 | _aالصراع العربى الاسرائيلى |
| 942 |
_2ddc _cBK |
||
| 999 |
_c43217 _d43217 |
||